000 00322nam a2200145Ia 4500
008 150201s2004 xx 000 0 und d
082 _a610
_bO2004G
100 _aGUPTA,L.C.
245 _aORAL MSDICINE
250 _a2ND
260 _bAITBS
_aDELHI
_c2004
300 _a1-270
650 _aORAL MEDICINE
942 _2ddc
_cBK
999 _c3065
_d3065